00330cam a22001211 4500082001200000100003100012245003700043250001100080260004200091300001900133490003200152650002400184 a547 GEI1 aGeissman, Theodore Albert,10aPrinciples of organic chemistry. a2d ed. aSan Francisco,bW. H. Freemanc[1962] a854 p.billus.0 aA Series of chemistry books 0aChemistry, Organic.